<?xml version="1.0" encoding="UTF-8"?>
<collection xmlns="http://www.loc.gov/MARC21/slim">
 <record>
  <leader>00582cam a2200169 7i4500</leader>
  <controlfield tag="001">0000000310</controlfield>
  <controlfield tag="005">20150325090000.0</controlfield>
  <controlfield tag="003">  iicp-my</controlfield>
  <controlfield tag="005">  20021204212200.0</controlfield>
  <controlfield tag="008">000000                       00         </controlfield>
  <datafield tag="039" ind1=" " ind2="9">
   <subfield code="y">200212042122</subfield>
   <subfield code="z">VLOAD</subfield>
  </datafield>
  <datafield tag="090" ind1="0" ind2="0">
   <subfield code="a">025.32 </subfield>
   <subfield code="b">ANG</subfield>
  </datafield>
  <datafield tag="245" ind1="0" ind2="0">
   <subfield code="a">Anglo-American cataloguing rules  </subfield>
   <subfield code="c">edited by Michael Gorman and Paul w. Winkler..</subfield>
  </datafield>
  <datafield tag="250" ind1=" " ind2=" ">
   <subfield code="a">2nd ed..</subfield>
  </datafield>
  <datafield tag="260" ind1=" " ind2=" ">
   <subfield code="a">Ottawa, London, Chicago: </subfield>
   <subfield code="b">Canadian Library Association Publishing Limited, American Library Association, </subfield>
   <subfield code="c">1988..</subfield>
  </datafield>
  <datafield tag="700" ind1=" " ind2=" ">
   <subfield code="a">Winkler, Paul W. </subfield>
  </datafield>
  <datafield tag="999" ind1=" " ind2=" ">
   <subfield code="a">1000000109</subfield>
   <subfield code="b">Book</subfield>
   <subfield code="c">Reference</subfield>
  </datafield>
 </record>
</collection>
